Anestesiología : (Registro nro. 4117)
[ vista simple ]
| 000 -LEADER | |
|---|---|
| fixed length control field | 00582nam a22001937a 4500 |
| 003 - CONTROL NUMBER IDENTIFIER | |
| control field | AR-FvUNAJ |
| 005 - DATE AND TIME OF LATEST TRANSACTION | |
| control field | 20251127095457.0 |
| 008 - FIXED-LENGTH DATA ELEMENTS--GENERAL INFORMATION | |
| fixed length control field | 180726b xxu||||| |||| 00| 0 spa d |
| 040 ## - CATALOGING SOURCE | |
| Transcribing agency | AR-FvUNAJ |
| 082 14 - DEWEY DECIMAL CLASSIFICATION NUMBER | |
| Edition number | 14 |
| Classification number | 617.9 |
| 100 1# - MAIN ENTRY--PERSONAL NAME | |
| 9 (RLIN) | 5825 |
| Personal name | Álvarez Gardiol, Emir |
| 245 10 - TITLE STATEMENT | |
| Title | Anestesiología : |
| Remainder of title | manual del residente / |
| Statement of responsibility, etc | Emir Álvarez Gardiol, Eduardo Oscar P. Grossi |
| 260 ## - PUBLICATION, DISTRIBUTION, ETC. (IMPRINT) | |
| Place of publication, distribution, etc | Rosario : |
| Name of publisher, distributor, etc | La Médica, |
| Date of publication, distribution, etc | 1977 |
| 300 ## - PHYSICAL DESCRIPTION | |
| Extent | 102 p. |
| 650 27 - SUBJECT ADDED ENTRY--TOPICAL TERM | |
| Source of heading or term | dcs |
| 9 (RLIN) | 1737 |
| Topical term or geographic name as entry element | ANESTESIOLOGIA |
| 650 27 - SUBJECT ADDED ENTRY--TOPICAL TERM | |
| Source of heading or term | dcs |
| 9 (RLIN) | 216 |
| Topical term or geographic name as entry element | ANESTESIA |
| 700 1# - ADDED ENTRY--PERSONAL NAME | |
| 9 (RLIN) | 5826 |
| Personal name | Grossi, Eduardo Oscar P. |
| 942 ## - ADDED ENTRY ELEMENTS (KOHA) | |
| Source of classification or shelving scheme | Dewey Decimal Classification |
| Koha item type | Libro, folleto, traducción |
| 980 ## - EQUIVALENCE OR CROSS-REFERENCE-SERIES STATEMENT--PERSONAL NAME/TITLE [LOCAL, CANADA] | |
| Field link and sequence number | 1943 |
| Miscellaneous information | VALERIA BEATRIZ DOMÍNGUEZ |
| Withdrawn status | Lost status | Source of classification or shelving scheme | Damaged status | Not for loan | Home library | Current library | Date acquired | Source of acquisition | Total Checkouts | Total Renewals | Full call number | Barcode | Date last seen | Date checked out | Copy number | Price effective from | Koha item type |
|---|---|---|---|---|---|---|---|---|---|---|---|---|---|---|---|---|---|
| Dewey Decimal Classification | Consultar Disponibilidad | Biblioteca Central | Biblioteca Central | 26/07/2018 | Donación | 1 | 1 | 617.9 GAR | UNAJ18070222 | 17/03/2025 | 21/08/2019 | 1 | 26/07/2018 | Libro, folleto, traducción |